LEADER 01780oam 2200457M 450 001 9910715428203321 005 20191116082332.6 035 $a(CKB)5470000002511765 035 $a(OCoLC)1065570685 035 $a(OCoLC)995470000002511765 035 $a(EXLCZ)995470000002511765 100 $a20070221d1821 ua 0 101 0 $aeng 135 $aurcn||||||||| 181 $ctxt$2rdacontent 182 $cc$2rdamedia 183 $acr$2rdacarrier 200 10$aIn Senate of the United States, January 15, 1821. Mr. Thomas, from the Committee on Public Lands, to whom was referred the memorial of the General Assembly of the State of Missouri .. 210 1$a[Washington, D.C.] :$c[publisher not identified],$d1821. 215 $a1 online resource (1 page) 225 1 $aSenate document / 16th Congress, 2nd session. Senate ;$vno. 50 225 1 $a[United States congressional serial set ] ;$v[serial no. 43] 300 $aTitle from opening lines of text. 300 $aBatch processed record: Metadata reviewed, not verified. Some fields updated by batch processes. 300 $aFDLP item number not assigned. 606 $aPublic land sales 606 $aPayment 608 $aLegislative materials.$2lcgft 615 0$aPublic land sales. 615 0$aPayment. 701 $aThomas$b Jesse Burgess$f1777-1853$pRepublican-Jeffersonian (IL)$01399334 801 0$bWYU 801 1$bWYU 801 2$bOCLCO 801 2$bOCLCQ 801 2$bOCLCO 801 2$bOCLCQ 906 $aBOOK 912 $a9910715428203321 996 $aIn Senate of the United States, January 15, 1821. Mr. Thomas, from the Committee on Public Lands, to whom was referred the memorial of the General Assembly of the State of Missouri .$93524561 997 $aUNINA LEADER 02278oas 2200841 a 450 001 9910143915603321 005 20251106213014.0 011 $a2327-8234 035 $a(DE-599)ZDB2095307-0 035 $a(OCoLC)60625644 035 $a(CONSER) 2011235388 035 $a(CKB)954921373668 035 $a(EXLCZ)99954921373668 100 $a20050614b19621983 ub a 101 0 $aeng 135 $aurun||||||||| 181 $ctxt$2rdacontent 182 $cc$2rdamedia 183 $acr$2rdacarrier 200 10$aNebraska journal of economics and business 210 $aLincoln, Neb. $cCollege of Business Administration, University of Nebraska$d1962-1983 300 $aRefereed/Peer-reviewed 300 $aRefereed/Peer-reviewed 311 08$a0160-6557 517 1 $aNJEB 606 $aEconomics$vPeriodicals 606 $aBusiness$vPeriodicals 606 $aE?conomie politique$vPe?riodiques$3(CaQQLa)201-0382757 606 $aBusiness$2fast$3(OCoLC)fst00842262 606 $aEconomics$2fast$3(OCoLC)fst00902116 606 $aBusiness$vPeriodicals$2nli 606 $aEconomics$vPeriodicals$2nli 608 $aperiodicals.$2aat 608 $aPeriodicals.$2fast 608 $aPeriodicals.$2lcgft 608 $aPe?riodiques.$2rvmgf 615 0$aEconomics 615 0$aBusiness 615 6$aE?conomie politique 615 7$aBusiness. 615 7$aEconomics. 615 7$aBusiness 615 7$aEconomics 676 $a330/.05 712 02$aUniversity of Nebraska--Lincoln.$bCollege of Business Administration. 712 02$aUniversity of Nebraska (Lincoln campus).$bCollege of Business Administration. 801 0$bOCLCS 801 1$bOCLCS 801 2$bTXJ 801 2$bOCLCQ 801 2$bCO3 801 2$bOCLCQ 801 2$bEYM 801 2$bHUL 801 2$bEYM 801 2$bOCLCE 801 2$bOCLCQ 801 2$bDLC 801 2$bOCLCQ 801 2$bOCLCF 801 2$bOCLCO 801 2$bOCLCQ 801 2$bVT2 801 2$bOCLCQ 801 2$bBWN 801 2$bOCLCQ 801 2$bUAB 801 2$bOCLCL 801 2$bOCLCQ 906 $aJOURNAL 912 $a9910143915603321 996 $aNebraska journal of economics and business$92076136 997 $aUNINA